| 000 | 00662nam a2200205Ia 4500 | ||
|---|---|---|---|
| 003 | GCL | ||
| 008 | 140319s9999 xx 000 0 ara d | ||
| 040 |
_aGCL / _cGCL |
||
| 082 | 0 | 4 |
_a787 _bم د |
| 100 | 1 | _aمحمود احمد الحفنى | |
| 245 | 1 | 0 |
_aدراسة القانون / _cمحمود احمد الحفنى |
| 700 | 1 | _aمصطفى رضا باب | |
| 300 | _a144 ص | ||
| 490 |
_aمطبوعات المعهد الملكى للموسيقى العربية _v0 |
||
| 650 | 0 | 4 | _aالقانون |
| 650 | 0 | 4 | _aالموسيقى |
| 650 | 0 | 4 | _aالالات الموسيقية |
| 650 | 0 | 4 | _aالالات الموسيقية الوترية |
| 942 |
_2ddc _cBK |
||
| 999 |
_c49964 _d49964 |
||